Konzekvencie medzinárodnej finančnej krízy na konkurencieschopnosť národných ekonomík

Príčiny vzniku medzinárodnej finančnej krízy a na základe rozličných indikátorov (objem medzinárodného obchodu, vybrané indexy a ukazovatele konkurencieschopnosti) analýza a zhodnotenie jej dopadu na konkurencieschopnosť ekonomík.

Uložené v:
Podrobná bibliografia
Hlavný autor: Schweighofer, Lenka
Médium: Kapitola
Jazyk:Slovak
Predmet:
Tagy: Pridať tag
Žiadne tagy, Buďte prvý, kto otaguje tento záznam!

MARC

LEADER 00000nla a2200000 4500
001 0241289
005 20240502073928.5
041 0 |a slo 
044 |a SK 
245 1 0 |a Konzekvencie medzinárodnej finančnej krízy na konkurencieschopnosť národných ekonomík  |c Lenka Schweighofer 
520 |a Príčiny vzniku medzinárodnej finančnej krízy a na základe rozličných indikátorov (objem medzinárodného obchodu, vybrané indexy a ukazovatele konkurencieschopnosti) analýza a zhodnotenie jej dopadu na konkurencieschopnosť ekonomík. 
610 2 0 |a kríza finančná 
610 2 0 |a kríza hospodárska 
610 2 0 |a ekonomika regionálna 
610 2 0 |a obchod medzinárodný 
610 2 0 |a konkurencieschopnosť 
610 2 0 |a indexy 
100 1 |a Schweighofer, Lenka